000 01471cam a22001934a 4500
005 20250605164054.0
008 250528s ||||||||||||||||||||||||d
035 _a17415
020 _a9603510955
040 _aGR-AtMCL
_bgre
_dGR-AtMCL
_eAACR2
245 1 _aSelf Marketing / Το πιο Ολοκληρωμένο Μέσο Προώθησης σας
260 _bΣταμούλης Α,
_c1996
300 _a68
520 _aΤο παρόν βιβλίο περιλαμβάνει κανόνες που οδηγούν στην πρόσληψη και σε μια επιτυχημένη καριέρα. Πρόλογος, Ο Προγραμματισμός της Καριέρας και η Επιλογή Εργασίας, Η Χρησιμότητα του Προγραμματισμού και η Επιλογή Καριέρας, Αναζήτηση Εργασίας, Πως να Σχεδιάσετε ένα Αποτελεσματικό Βιογραφικό και Πως να Πουλάτε στις Συνεντεύξεις, Ο Ρόλος του Βιογραφικού και της Συνοδευτικής Επιστολής, Τι Είναι η Συνοδευτική Επιστολή - Ολοκλήρωση Mail, Ο Τρόπος να Δώσετε μια Επιτυχημένη Συνέντευξη, Προσωπικό Μάρκετινγκ, Self Marketing.
700 1 _aΓαλάνης Βασίλειος
_93572
942 _cBK
999 _c2836
_d2836